Представление документа в формате RUSMARC

ПолеНазваниеЗначение
  Тип записи c
  Библиографический уровень m
001 Контрольный номер RU/IS/BASE/572445412
005 Дата корректировки 20260418112356.9
010 Индекс ISBN __
9 Тираж 5640 экз.
013 Номер (ISMN) __
d Цена 20 к.
071 Издательские номер (звукозапись и ноты) 21
a Номер, присвоенный агентством 2314
100 Данные общей обработки __
a Данные общей обработки 20180220d1965 u y0rusy0189 ca
101 Язык документа 0_
a Язык текста rus
f Язык титульного листа rus
102 Страна публикации __
a Страна публикации RU
125 Кодированные данные звукозаписи и нотных изданий __
a Форма изложения нотного текста с|
128 Кодированные данные (звукозаписи-физические характеристики) __
a Кодированные данные: Музыкальная форма и тональность или лад zz
c Инструменты или голоса, рекомендуемые для солистов (устаревшее) ka||
200 Заглавие и сведения об ответственности 1_
a Заглавие Парафраза на темы оперы Дж. Верди "Риголетто"
e Сведения, относящиеся к заглавию для фп.
f Первые сведения об ответственности Ф. Лист
210 Выходные данные 1_
a Место издания Москва
c Издательство Музыка
d Дата издания 1965
215 Физическое описание __
a Объем 15 с.
d Формат 29 см
600 Персоналии _1
a Персоналии (Фамилия) Liszt, Ferenc
606 Тематические рубрики 0_
a Основная рубрика Фортепиано
610 Ключевые слова 0_
a Ключевые слова Лист Ф.
610 Ключевые слова 0_
a Ключевые слова фортепиано
686 Индексы других классификаций __
a Классификационный индекс 85.954.2(3)
2 Код системы rubbk
700 Автор _1
a Фамилия Лист
b Имя (инициалы) Ф.
g Полное личное имя Ференц
f Даты 1811-1886
801 Источник записи _0
a Страна RU
b Организация Ульяновская ОНБ
c Дата составления 20180220
g Правила каталогизации RCR
801 Источник записи _1
a Страна RU
b Организация Ульяновская ОНБ
c Дата составления 20180220
g Правила каталогизации RCR
901 Тип документа __
t Тип документа m
909 Создатель записи __
a Создатель записи Никитина Т. А.
910 Корректоры записи __
a Корректор записи Илямакова
938 Служебная информация __
a Имя БД noti
b Имя библиотеки УОНБ
c Имя АИБС МАРК-SQL
d Номер DOC_ID в БД 17796